Flags from Former Countries - Statistics

General Stats
  • This quiz has been taken 42 times
  • The average score is 7 of 15
Answer Stats
Picture Answer % Correct
Texas
94%
East Germany
85%
Tibet
74%
Prussia
71%
Yugoslavia
68%
Zaire
68%
South Vietnam
65%
South Yemen
50%
Gran Colombia
41%
Dahomey
26%
East Turkestan
26%
North Yemen
18%
Southern Rhodesia
15%
Sikkim
12%
Northern Rhodesia
9%
No matching quizzes found
Score Distribution
Percent of People with Each Score
Percentile by Number Answered
Your Score History
You have not taken this quiz